000 00444nam a2200169Ia 4500
003 GCL
008 140319s9999 xx 000 0 eng d
040 _aGCL /
_cGCL
082 0 4 _a763
_bL D
100 1 _aLIVINGSTONE, MARCO
245 1 0 _aDAVID HOCKNEY: ETCHING AND LITHOGRAPHS /
_cLIVINGSTONE, MARCO
260 _a[S.N] :
_bTHAMES AND HUDSON ،
_c1988
300 _a98 P
650 0 4 _aHOCKNEY, DAVID
650 0 4 _aETCHING
942 _2ddc
_cBK
999 _c11514
_d11514